Personnages Politiques et leur Partis politiques - Statistiques

Statistiques générales
  • Ce quiz a été pris 61 fois
  • Le résultat moyen est 8 sur 15
Statistiques - réponses
Personne
Parti politique % Correct
Jean Luc Mélenchon La France Insoumise
95%
Bruno Retailleau Les Républicains
73%
Fabien Roussel Parti Communiste
73%
Olivier Faure Parti Socialiste
71%
Éric Zemmour Reconquête
64%
Nathalie Artaud Lutte Ouvrière
56%
Gabriel Attal Renaissance
55%
Édouard Philippe Horizons
53%
Marine Tondelier Les Écologistes
53%
Jordan Bardella Rassemblement Nationale
53%
Jean Marie Le Pen Front Nationale
44%
Éric Ciotti UDR
35%
Jacques Chirac UMP
35%
Léon Blum SFIO
18%
François Bayrou Les Démocrates
9%
Aucun quiz correspondant
Distribution des résultats
% des personnes avec chaque résultat
Percentile par nombre de réponses
Votre historique - résultats
Vous n’avez pas pris ce quiz